Problemas fundamentales de la filosofía / (Record no. 144882)

MARC details
000 -LEADER
campo de control de longitud fija 00587nam a2200193 4500
001 - NÚMERO DE CONTROL
campo de control 144882
003 - IDENTIFICADOR DE NÚMERO DE CONTROL
campo de control ES-MaACL
005 - FECHA Y HORA DE LA ÚLTIMA TRANSACCIÓN
campo de control 20250804062747.0
007 - CAMPO FIJO DE DESCRIPCIÓN FÍSICA--INFORMACIÓN GENERAL
campo de control de longitud fija t|
008 - DATOS DE LONGITUD FIJA--INFORMACIÓN GENERAL
campo de control de longitud fija 070214s1946 sp r ||||1| spa d
100 1# - ENTRADA PRINCIPAL--NOMBRE DE PERSONA
Nombre de persona Simmel, Georg.
9 (RLIN) 106480
245 10 - MENCIÓN DEL TÍTULO
Título Problemas fundamentales de la filosofía /
Mención de responsabilidad, etc. Georg Simmel ; traducción del alemán de Fernando Vela.
260 ## - PUBLICACIÓN, DISTRIBUCIÓN, ETC.
Lugar de publicación, distribución, etc. Madrid :
Nombre del editor, distribuidor, etc. Revista de Occidente,
Fecha de publicación, distribución, etc. 1946.
300 ## - DESCRIPCIÓN FÍSICA
Extensión 206 p. ;
Dimensiones 18 cm.
650 07 - PUNTO DE ACCESO ADICIONAL DE MATERIA--TÉRMINO DE MATERIA
Término de materia o nombre geográfico como elemento de entrada Filosofía
Fuente del encabezamiento o término embne
9 (RLIN) 12802
700 1# - ENTRADA AGREGADA--NOMBRE PERSONAL
Nombre de persona Vela, Fernando.
9 (RLIN) 113674
852 ## - LOCALIZACIÓN
Ubicación ES-MaACL
Número de control de estantería B-7385
Holdings
Estatus retirado Estado de pérdida Estado de daño No para préstamo Biblioteca de origen Biblioteca actual Ubicación en estantería Fecha de adquisición Fuente de adquisición Total de préstamos Signatura topográfica completa Código de barras Visto por última vez Precio de reemplazo Tipo de ítem Koha
        Biblioteca del Ateneo de Madrid Biblioteca del Ateneo de Madrid Sala Pardo Bazán 17/01/2008     B-7385 1151164 23/02/2023 23/02/2023 Libro impreso